| 000 | 00365 a2200169 4500 | ||
|---|---|---|---|
| 001 | 187536 | ||
| 020 | _a978-85-359-0235-8 | ||
| 040 | _cMagnum | ||
| 100 | _aMc Ewan, Ian | ||
| 240 | 1 | 0 |
_aReparação _lpor |
| 245 | 1 | 0 | _aReparação |
| 300 | _a444 | ||
| 362 | 0 | _a2008 | |
| 440 | 1 | _aCompanhia das Letras | |
| 697 | _aLITERATURA GERAL ESTRANGEIRA | ||
| 942 | _cBK | ||
| 999 |
_c187536 _d187536 |
||